00286nam a2200109Ia 450000500170000000800410001710000200005824500570007826000170013530000110015265000130016320260328104320.0260328s9999||||xx |||||||||||||| ||und|| aRykwert, Joseph 0aLa Casa de Adán en el Paraíso /cJoseph Rykwert bGustavo Gili a241 p. aENSAYOS